[Event "Lienz op 21st"]
[Site "Lienz"]
[Date "2023.02.13"]
[Round "4"]
[White "Dubessay, Bastien"]
[Black "Charaus, Florian"]
[Result "1-0"]
[WhiteElo "2300"]
[BlackElo "2002"]
[PlyCount "91"]
[EventDate "2023.02.11"]
[EventType "swiss"]
[EventRounds "9"]
[EventCountry "AUT"]
[SourceTitle "CBM 212 Extra"]
[Source "ChessBase"]
[SourceDate "2023.03.31"]
[SourceVersion "1"]
[SourceVersionDate "2023.03.31"]
[SourceQuality "1"]

1. e4 c6 2. Nf3 d5 3. Nc3 Bg4 4. h3 Bxf3 5. Qxf3 e6 6. Be2 Nf6 7. 0-0 Be7 8. Rd1 d4 9. Nb1 0-0 10. d3 Nfd7 11. Qg3 Kh8 12. Nd2 c5 13. f4 Nc6 14. Rf1 f5 15. c4 Nb4 16. Bd1 g5 17. Nb3 gxf4 18. Bxf4 Rg8 19. Qf3 Bg5 20. Nc1 Bxf4 21. Qxf4 Qg5 22. Qxg5 Rxg5 23. exf5 exf5 24. a3 Nc6 25. h4 Rg3 26. Rxf5 Rag8 27. Bf3 Ne7 28. Rg5 R8xg5 29. hxg5 Ne5 30. Kf2 Nf5 31. Bxb7 Ng4+ 32. Ke2 Re3+ 33. Kd2 Ng3 34. b4 Re7 35. Bf3 Ne3 36. Nb3 Ngf1+ 37. Ke2 Nh2 38. Be4 cxb4 39. axb4 Nhg4 40. Rc1 Nxg2 41. Nxd4 Nf4+ 42. Kd2 Rd7 43. Rf1 Ng6 44. Kc3 Ne3 45. Re1 Ng4 46. Bf5 1-0

[Event "AUT-chT2W 2223"]
[Site "Austria"]
[Date "2022.09.23"]
[Round "1.4"]
[White "Prediger, Rupert"]
[Black "Charaus, Florian"]
[Result "1/2-1/2"]
[WhiteElo "2229"]
[BlackElo "1993"]
[PlyCount "60"]
[EventDate "2022.09.23"]
[EventType "team-tourn"]
[EventRounds "11"]
[EventCountry "AUT"]
[SourceTitle "CBM 210 Extra"]
[Source "ChessBase"]
[SourceDate "2022.11.30"]
[SourceVersion "1"]
[SourceVersionDate "2022.11.30"]
[SourceQuality "1"]
[WhiteTeam "Kufstein/Woergl"]
[BlackTeam "Salzburg ASK"]
[WhiteTeamCountry "AUT"]
[BlackTeamCountry "AUT"]

1. e4 c6 2. d4 d5 3. exd5 cxd5 4. c4 Nf6 5. Nc3 Nc6 6. Bg5 Qb6 7. cxd5 Nxd5 8. Nxd5 Qa5+ 9. Nc3 Qxg5 10. Nf3 Qa5 11. d5 Nb8 12. Bc4 Bg4 13. h3 Qb4 14. Bb3 Bd7 15. 0-0 g6 16. Re1 Bg7 17. Re4 Qd6 18. Qd2 0-0 19. Rae1 Re8 20. Nd4 a6 21. Nf3 b5 22. R4e2 a5 23. Ne4 Qb6 24. a3 Na6 25. Ba2 b4 26. axb4 Nxb4 27. Bc4 Bb5 28. b3 Rad8 29. Nc3 Bxc3 30. Qxc3 Nxd5 1/2-1/2

[Event "Nova Gorica op-A 26th"]
[Site "Nova Gorica"]
[Date "2022.09.20"]
[Round "7"]
[White "Charaus, Florian"]
[Black "Lavrencic, Matic"]
[Result "0-1"]
[WhiteElo "1993"]
[BlackElo "2274"]
[PlyCount "94"]
[EventDate "2022.09.16"]
[EventType "swiss"]
[EventRounds "9"]
[EventCountry "SLO"]
[SourceTitle "CBM 210 Extra"]
[Source "ChessBase"]
[SourceDate "2022.11.30"]
[SourceVersion "1"]
[SourceVersionDate "2022.11.30"]
[SourceQuality "1"]

1. d4 Nf6 2. c4 e6 3. Nc3 Bb4 4. e3 0-0 5. Bd3 d5 6. cxd5 exd5 7. a3 Bd6 8. Qc2 c6 9. Nge2 b6 10. 0-0 Re8 11. Ng3 Ba6 12. Bd2 Bxd3 13. Qxd3 Nbd7 14. Rac1 Bf8 15. Rfd1 Qc8 16. e4 dxe4 17. Ngxe4 Nxe4 18. Nxe4 Qb7 19. Qf3 h6 20. Bf4 Rac8 21. Bd6 Rxe4 22. Bxf8 Nf6 23. Bd6 Re6 24. Bf4 Rce8 25. Bd2 Qd7 26. Bc3 Nd5 27. h3 Qd6 28. Re1 Rxe1+ 29. Rxe1 Rxe1+ 30. Bxe1 a5 31. Qe4 Qd7 32. Bd2 a4 33. f3 b5 34. Kf2 f5 35. Qe5 Kf7 36. g4 fxg4 37. hxg4 Nf6 38. g5 hxg5 39. Bxg5 Nd5 40. f4 Nb6 41. Qe3 Nc4 42. Qc3 Qd5 43. Kg3 Nd6 44. Qa5 Nf5+ 45. Kg4 Qg2+ 46. Kxf5 g6+ 47. Ke5 Qd5# 0-1

[Event "Nova Gorica op-A 26th"]
[Site "Nova Gorica"]
[Date "2022.09.18"]
[Round "5"]
[White "Charaus, Florian"]
[Black "Guid, Taja"]
[Result "1-0"]
[WhiteElo "1993"]
[BlackElo "1511"]
[PlyCount "111"]
[EventDate "2022.09.16"]
[EventType "swiss"]
[EventRounds "9"]
[EventCountry "SLO"]
[SourceTitle "CBM 210 Extra"]
[Source "ChessBase"]
[SourceDate "2022.11.30"]
[SourceVersion "1"]
[SourceVersionDate "2022.11.30"]
[SourceQuality "1"]

1. c4 e6 2. d4 d5 3. cxd5 exd5 4. Nc3 c6 5. Qc2 Bd6 6. Nf3 Ne7 7. Bg5 f6 8. Bh4 Bf5 9. Qb3 Qb6 10. e3 Qxb3 11. axb3 Nd7 12. Be2 0-0 13. 0-0 Rfe8 14. Bg3 Nc8 15. Rfc1 Bxg3 16. hxg3 h6 17. Nh4 Bh7 18. Bg4 Ndb6 19. Na4 Nxa4 20. bxa4 Nd6 21. b4 a6 22. Be2 Rec8 23. Nf3 Kf7 24. Nd2 Bf5 25. Nb3 b6 26. Nd2 Ke7 27. Rc3 Ne4 28. Nxe4 dxe4 29. Rac1 Kd6 30. a5 b5 31. f3 Ra7 32. Rc5 Bg6 33. Bd1 Rac7 34. Bc2 f5 35. g4 fxg4 36. fxe4 Bf7 37. e5+ Kd7 38. Rf1 Be6 39. Bg6 Ke7 40. e4 Bc4 41. Rf4 Be6 42. Kf2 Bc4 43. Kg3 Be6 44. Kh4 Kd8 45. g3 Ke7 46. Kh5 Kd8 47. Bf5 Ke7 48. Kxg4 g5 49. Rf2 Bxf5+ 50. Rxf5 Kd7 51. Rf6 Rh8 52. Rd6+ Kc8 53. Rdxc6 Rxc6 54. Rxc6+ Kb7 55. d5 Re8 56. e6 1-0

[Event "Trieste op 23rd"]
[Site "Trieste"]
[Date "2021.08.31"]
[Round "5"]
[White "Hrescak, Ivana"]
[Black "Charaus, Florian"]
[Result "1-0"]
[WhiteElo "2142"]
[BlackElo "1947"]
[PlyCount "59"]
[EventDate "2021.08.28"]
[EventType "swiss"]
[EventRounds "9"]
[EventCountry "ITA"]
[SourceTitle "CBM 204 Extra"]
[Source "ChessBase"]
[SourceDate "2021.11.30"]
[SourceVersion "1"]
[SourceVersionDate "2021.11.30"]
[SourceQuality "1"]

1. Nf3 c5 2. g3 Nc6 3. Bg2 g6 4. 0-0 Bg7 5. d3 d5 6. Nbd2 e5 7. e4 d4 8. a4 Nge7 9. Nc4 0-0 10. Nh4 Na5 11. Nxa5 Qxa5 12. f4 exf4 13. Bxf4 Be6 14. b3 Rac8 15. Rf2 Nc6 16. Qe2 Qd8 17. Qd2 a6 18. Raf1 b5 19. axb5 axb5 20. Bh6 Ne5 21. Bxg7 Kxg7 22. h3 c4 23. dxc4 bxc4 24. Nf5+ Kh8 25. Qh6 gxf5 26. exf5 Bd7 27. f6 Rg8 28. Qh4 Bc6 29. Rf5 Ng6 30. Qxh7+ 1-0

[Event "Cattolica op 7th"]
[Site "Cattolica"]
[Date "2020.08.31"]
[Round "1"]
[White "Charaus, Florian"]
[Black "Solomon, Kenny"]
[Result "0-1"]
[WhiteElo "2055"]
[BlackElo "2362"]
[PlyCount "48"]
[EventDate "2020.08.31"]
[EventType "swiss"]
[EventRounds "9"]
[EventCountry "ITA"]
[SourceTitle "EXT 2021"]
[Source "ChessBase"]
[SourceDate "2020.10.23"]
[SourceVersion "1"]
[SourceVersionDate "2020.10.23"]
[SourceQuality "1"]

1. d4 Nf6 2. c4 e6 3. Nf3 b6 4. g3 Ba6 5. Qc2 Bb7 6. Bg2 Bb4+ 7. Bd2 a5 8. 0-0 Na6 9. a3 Bxd2 10. Nbxd2 d5 11. Ne5 0-0 12. Rfd1 Qe7 13. cxd5 exd5 14. Re1 Rfe8 15. Rac1 c5 16. e3 Rad8 17. Nd3 c4 18. Ne5 b5 19. b3 Rc8 20. bxc4 dxc4 21. e4 Qxa3 22. Ra1 Nb4 23. Qb1 Qc3 24. Rxa5 Nd3 0-1

[Event "AUT-ch Zwisch Internet"]
[Site "Playchess.com INT"]
[Date "2020.05.02"]
[Round "7"]
[White "Charaus, Florian"]
[Black "Teuschler, Hugo"]
[Result "1-0"]
[WhiteElo "2055"]
[BlackElo "2055"]
[PlyCount "53"]
[EventDate "2020.05.02"]
[EventType "swiss (blitz)"]
[EventRounds "13"]
[EventCountry "AUT"]
[SourceTitle "CBM 195 Extra"]
[Source "ChessBase"]
[SourceDate "2020.05.31"]
[SourceVersion "1"]
[SourceVersionDate "2020.05.31"]
[SourceQuality "1"]

1. d4 d5 2. c4 e6 3. Nc3 Nf6 4. cxd5 exd5 5. Bg5 Be7 6. e3 c6 7. Bd3 Nbd7 8. Qc2 h6 9. Bh4 Nh5 10. Bxe7 Qxe7 11. Nf3 Nb6 12. 0-0 0-0 13. Rab1 Nf6 14. b4 a6 15. a4 Be6 16. Rfc1 Rfc8 17. Ne5 Nbd7 18. f4 Nxe5 19. dxe5 Ng4 20. Qe2 h5 21. h3 Nh6 22. Qxh5 c5 23. Ne2 cxb4 24. Nd4 Rc3 25. Rxc3 bxc3 26. f5 Bxf5 27. Nxf5 1-0

[Event "AUT-ch Zwisch Internet"]
[Site "Playchess.com INT"]
[Date "2020.05.02"]
[Round "6"]
[White "Hebesberger, Thomas"]
[Black "Charaus, Florian"]
[Result "1-0"]
[WhiteElo "2244"]
[BlackElo "2055"]
[PlyCount "133"]
[EventDate "2020.05.02"]
[EventType "swiss (blitz)"]
[EventRounds "13"]
[EventCountry "AUT"]
[SourceTitle "CBM 195 Extra"]
[Source "ChessBase"]
[SourceDate "2020.05.31"]
[SourceVersion "1"]
[SourceVersionDate "2020.05.31"]
[SourceQuality "1"]

1. d4 Nf6 2. Nf3 c5 3. d5 d6 4. Nc3 e5 5. e4 Be7 6. Bb5+ Bd7 7. a4 0-0 8. 0-0 a6 9. Be2 Ne8 10. Nd2 f5 11. a5 f4 12. Bg4 Nf6 13. Be6+ Bxe6 14. dxe6 Nc6 15. Nd5 Re8 16. c3 Rb8 17. f3 Qc8 18. Nc4 Qxe6 19. Ncb6 Red8 20. Qd3 Bf8 21. Bd2 Ne7 22. Nxf6+ Qxf6 23. b4 Nc6 24. b5 axb5 25. Qxb5 Qe6 26. a6 Na7 27. Qa4 bxa6 28. Qxa6 Nc6 29. Nd5 Ne7 30. Nc7 Qf7 31. c4 Nc8 32. Ba5 Rd7 33. Qc6 Na7 34. Qa6 Nc8 35. Qc6 Rb2 36. Rf2 Rxf2 37. Kxf2 Na7 38. Qb7 Qxc4 39. Qd5+ Qxd5 40. Nxd5 Rb7 41. Bc7 Nc6 42. Ra8 Nd4 43. Bxd6 Rb2+ 44. Ke1 Re2+ 45. Kd1 Kf7 46. Rxf8+ Ke6 47. Bxc5 Rxg2 48. Re8+ Kd7 49. Re7+ Kc6 50. Bxd4 exd4 51. Rc7+ Kd6 52. Rc2 Rg1+ 53. Kd2 Rh1 54. Kd3 Ke5 55. Rd2 Rf1 56. Kc4 Rxf3 57. Rxd4 Rf1 58. Nc3 Rc1 59. Rd5+ Ke6 60. Rf5 Rc2 61. Rxf4 Rxh2 62. Kd4 h5 63. Rf5 h4 64. Nd5 Rd2+ 65. Ke3 Rg2 66. Nf4+ Kd6 67. Nxg2 1-0

[Event "AUT-ch Vor4 Internet"]
[Site "Playchess.com INT"]
[Date "2020.04.25"]
[Round "2"]
[White "Peyrer, Konstantin"]
[Black "Charaus, Florian"]
[Result "1-0"]
[WhiteElo "2265"]
[BlackElo "2055"]
[PlyCount "37"]
[EventDate "2020.04.25"]
[EventType "swiss (blitz)"]
[EventRounds "9"]
[EventCountry "AUT"]
[SourceTitle "EXT 2021"]
[Source "ChessBase"]
[SourceDate "2020.10.23"]
[SourceVersion "1"]
[SourceVersionDate "2020.10.23"]
[SourceQuality "1"]

1. c4 Nf6 2. Nf3 e6 3. g3 d5 4. Bg2 Be7 5. 0-0 0-0 6. Qc2 c6 7. d4 Nbd7 8. b3 Re8 9. Bb2 Bf8 10. Nc3 g6 11. Nd2 Bg7 12. Rfd1 Qe7 13. a4 e5 14. dxe5 Nxe5 15. cxd5 h5 16. Ba3 Qd8 17. Nc4 Bf5 18. e4 cxd5 19. Nxe5 1-0

[Event "AUT-ch Vor1 Internet"]
[Site "Playchess.com INT"]
[Date "2020.04.11"]
[Round "9"]
[White "Charaus, Florian"]
[Black "Pilshofer, Paul"]
[Result "1-0"]
[WhiteElo "2055"]
[BlackElo "1715"]
[PlyCount "67"]
[EventDate "2020.04.11"]
[EventType "swiss (blitz)"]
[EventRounds "9"]
[EventCountry "AUT"]
[SourceTitle "CBM 195 Extra"]
[Source "ChessBase"]
[SourceDate "2020.05.31"]
[SourceVersion "1"]
[SourceVersionDate "2020.05.31"]
[SourceQuality "1"]

1. d4 d5 2. c4 e6 3. Nc3 Nf6 4. cxd5 exd5 5. Bg5 Nbd7 6. e3 c6 7. Bd3 Qa5 8. Nf3 Ne4 9. Qc2 Bb4 10. Bxe4 dxe4 11. Qxe4+ Kf8 12. 0-0 f6 13. Bf4 Nb6 14. a3 Be7 15. b4 Qh5 16. Bg3 Bf5 17. Qh4 Qf7 18. e4 g5 19. Qh6+ Ke8 20. exf5 Bf8 21. Rfe1+ Kd7 22. Qh3 h5 23. Nxg5 fxg5 24. Be5 Bg7 25. f6+ g4 26. Qg3 Bxf6 27. Qf4 Raf8 28. Rad1 Bxe5 29. dxe5+ Kc8 30. Qe3 Nc4 31. Qxa7 Kc7 32. e6 Qf6 33. Rd7+ Kc8 34. Qa8# 1-0

[Event "AUT-ch Vor1 Internet"]
[Site "Playchess.com INT"]
[Date "2020.04.11"]
[Round "8"]
[White "Peyrer, Konstantin"]
[Black "Charaus, Florian"]
[Result "1-0"]
[WhiteElo "2265"]
[BlackElo "2055"]
[PlyCount "31"]
[EventDate "2020.04.11"]
[EventType "swiss (blitz)"]
[EventRounds "9"]
[EventCountry "AUT"]
[SourceTitle "CBM 195 Extra"]
[Source "ChessBase"]
[SourceDate "2020.05.31"]
[SourceVersion "1"]
[SourceVersionDate "2020.05.31"]
[SourceQuality "1"]

1. e4 c6 2. Nf3 d5 3. Nc3 Bg4 4. h3 Bxf3 5. Qxf3 e6 6. d4 Nf6 7. Bd3 Be7 8. 0-0 0-0 9. e5 Nfd7 10. Ne2 c5 11. c3 Nc6 12. Qg3 Re8 13. Bh6 Bf8 14. Rad1 Rb8 15. Nf4 cxd4 16. Bxg7 1-0

[Event "AUT-ch Vor1 Internet"]
[Site "Playchess.com INT"]
[Date "2020.04.11"]
[Round "4"]
[White "Sulzbacher, Michael"]
[Black "Charaus, Florian"]
[Result "1-0"]
[WhiteElo "2018"]
[BlackElo "2055"]
[PlyCount "57"]
[EventDate "2020.04.11"]
[EventType "swiss (blitz)"]
[EventRounds "9"]
[EventCountry "AUT"]
[SourceTitle "CBM 195 Extra"]
[Source "ChessBase"]
[SourceDate "2020.05.31"]
[SourceVersion "1"]
[SourceVersionDate "2020.05.31"]
[SourceQuality "1"]

1. b3 d5 2. Bb2 c5 3. f4 Nc6 4. Nf3 Bg4 5. e3 e6 6. Bb5 Nf6 7. Bxc6+ bxc6 8. 0-0 Be7 9. d3 h5 10. Qe1 Bxf3 11. Rxf3 Qb6 12. Nd2 Rh6 13. c4 Rg6 14. e4 0-0-0 15. Bxf6 gxf6 16. Rg3 Rdg8 17. f5 Rg4 18. Qf2 Qc7 19. Rxg4 Rxg4 20. exd5 cxd5 21. Re1 Bd6 22. fxe6 Bxh2+ 23. Kh1 Bg3 24. e7 Rh4+ 25. Kg1 Bxf2+ 26. Kxf2 Rf4+ 27. Nf3 Re4 28. dxe4 dxe4 29. Rxe4 1-0